| 000 | 00584nam a2200205 i 4500 | ||
|---|---|---|---|
| 001 | bg | ||
| 100 | 1 | _aJĘDRZEJEWSKI, Jędrzej | |
| 245 | 0 |
_aZbiór zadań z fizyki : _bdla kandydatów na wyższe uczelnie / _cJędrzej Jędrzejewski, Witold Kruczek, Adam Kujawski. |
|
| 250 | _aWyd.2 popr. | ||
| 260 |
_aWarszawa, _c1974. |
||
| 650 | 9 | _aFizyka | |
| 655 | _aĆwiczenia i zadania dla szkół wyższych | ||
| 700 | 1 | _aKRUCZEK, Witold | |
| 700 | 1 | _aKUJAWSKI, Adam | |
| 040 | _cBPK | ||
| 041 | _apol | ||
| 080 | _a53(076) | ||
| 942 | _cKS | ||
| 008 | s pl f |000 0 pol | ||
| 999 |
_c378 _d378 |
||
| 856 |
_uhttp://koha.tu.koszalin.pl/cgi-bin/koha/opac-detail.pl?biblionumber=378 _yKatalog online BPK |
||